00948nam a22002897a 4500001001000000003000900010005001700019007000300036008004100039020001500080020001800095040003100113082002900144100004600173245010800219264003900327300003000366336002700396337003500423338003000458650002200488650003600510650002700546650002300573650002500596700003700621000003892DO-SdBPM20250909141024.0ta090714s2008 dr r 000 f spa d a994542727X a9789945427271 aDO-SdBPMbspacBPMSU erda 4aRD863.44bC352b 20082221 aCastillo Drullard, Pedro Héctoreautor 10aBuscando el descanso de la escalera /cPedro Héctor Castillo Drullard ; prólogo José Rafael Sosa. aSanto Domingo :bMediabyte,c2008. a206 páginas t ;c21 cm. atextobtxt2rdacontent asin mediación bn2rdamedia  avolumen bnc2rdacarrier  7aNovela dominicana 7aValores (Filosofía) vNovela 7aLiteratura dominicana.z aDominican fictionsz aDominican literature1 aSosa, José Rafael,eprólogo